Mencipta Keunikan Mencapai Keajaiban

Bibliographic Details
Main Authors: Fng,Ah Seng (Author), Prof.Tan Sri Dato' Paduka Dr. Fng Ah Seng (Author)
Format: Book
Published: Sintok, Kedah UUM Press
Subjects:
LEADER 00867cam a2200253 i 4500
001 0000150720
005 20260403090000.0
008 260403t2018 my p e may
020 |a 9789672064640  |q papaerback 
040 |a RMC  |b eng  |c RMC  |e rda 
090 0 0 |a 650.1  |b FNG 
100 1 |a Fng,Ah Seng  |e author 
245 1 0 |a Mencipta Keunikan Mencapai Keajaiban  |c Fng Ah Seng 
264 1 |a Sintok, Kedah  |b UUM Press 
300 |a xIii,534pages  |b illustrations, color,photo  |c 23cm 
336 |a text  |2 rdacontent 
337 |a unmediated  |2 rdamedia 
338 |a volume  |2 rdacarrier 
650 0 |a Entrepreneurship 
650 1 0 |a Success in business  
650 0 |a Government publication  |z Malaysia 
700 1 |a Prof.Tan Sri Dato' Paduka Dr. Fng Ah Seng  |e author 
852 1 |a RMC 
999 |a 0000044379  |b Royal Military College  |d BOOKS  |e Umum  |f Royal Military College  |j AVAILABLE  |q GOOD CONDITION